[Event "II Torneo Iberoamericano MoreliaLinares"]
[Site "Morelia"]
[Date "2008.02.15"]
[Round "1"]
[White "Vescovi, Giovanni"]
[Black "De La Riva Aguado, Oscar"]
[Result "1/2-1/2"]
[WhiteElo "2617"]
[BlackElo "2548"]
[PlyCount "42"]
[EventDate "2008.02.19"]
[EventType "tourn"]
[EventRounds "5"]
[EventCountry "MEX"]
[Source "–ù""]
[SourceDate "134159.04.23"]

1. d4 d5 2. c4 c6 3. Nf3 Nf6 4. e3 Bg4 5. Nbd2 e6 6. Be2 Nbd7 7. O-O Bd6 8. h3
Bh5 9. b3 O-O 10. Bb2 Qb8 11. Rc1 Re8 12. Re1 Bg6 13. a3 a5 14. Nh4 e5 15. Nxg6
hxg6 16. cxd5 cxd5 17. e4 dxe4 18. Bb5 exd4 19. Bxd7 Nxd7 20. Nxe4 Nf8 21. Qxd4
Be5 1/2-1/2

[Event "II Torneo Iberoamericano MoreliaLinares"]
[Site "Morelia"]
[Date "2008.02.15"]
[Round "1"]
[White "Gonzalez, Juan.C"]
[Black "Roselli Miale, Bernardo"]
[Result "1-0"]
[WhiteElo "2556"]
[BlackElo "2420"]
[PlyCount "151"]
[EventDate "2008.02.19"]
[EventType "tourn"]
[EventRounds "5"]
[EventCountry "MEX"]
[Source "–ù""]
[SourceDate "134159.04.23"]

1. c4 g6 2. Nc3 Bg7 3. g3 d6 4. Bg2 e5 5. e3 Nc6 6. Nge2 Bd7 7. d3 Qc8 8. h3
Nf6 9. b3 O-O 10. Bb2 Ne7 11. Qd2 Bc6 12. e4 Bd7 13. g4 h5 14. f3 c5 15. O-O-O
Qd8 16. Rdg1 Nc6 17. Nd5 h4 18. f4 exf4 19. Ndxf4 g5 20. Nh5 Nxh5 21. gxh5
Bxb2+ 22. Kxb2 Qf6+ 23. Kb1 Kh7 24. e5 Qxe5 25. Bxc6 Bxc6 26. Rxg5 Qf6 27. Rhg1
Rg8 28. Qf4 Qxf4 29. Nxf4 Rae8 30. Kc2 Rxg5 31. Rxg5 Re5 32. Rg4 Bf3 33. Rxh4
Kh6 34. Kc3 Kg5 35. Ng2 f5 36. h6 Re8 37. h7 Rh8 38. Nf4 Bc6 39. d4 Be8 40. Ng2
Bh5 41. Rf4 Rxh7 42. h4+ Kg6 43. Ne3 Re7 44. Kd3 Rf7 45. Kd2 Rf8 46. Kd3 Rf7
47. Rf2 Rf8 48. Rf1 Rf7 49. Nd5 Kh7 50. Nf4 Bg4 51. Re1 Bf3 52. Re6 Be4+ 53.
Ke3 Rg7 54. Rxd6 Rg3+ 55. Ke2 cxd4 56. Rxd4 Rg4 57. Rd7+ Kh6 58. Rd6+ Kh7 59.
Nd5 Rxh4 60. Ke3 Bxd5 61. cxd5 Re4+ 62. Kf3 b5 63. Rf6 Rd4 64. Rxf5 Kg6 65. Ke3
Rd1 66. Re5 Kf6 67. Re6+ Kf5 68. Ra6 Rxd5 69. Rxa7 Ke5 70. Ra6 Rc5 71. Rb6 Rd5
72. Rh6 Rc5 73. Rh5+ Kd6 74. Rxc5 Kxc5 75. Ke4 Kc6 76. b4 1-0

[Event "II Torneo Iberoamericano MoreliaLinares"]
[Site "Morelia"]
[Date "2008.02.15"]
[Round "1"]
[White "Bermudez Adams, William"]
[Black "Valdes, Leonardo"]
[Result "1-0"]
[WhiteElo "2183"]
[BlackElo "2401"]
[PlyCount "181"]
[EventDate "2008.02.19"]
[EventType "tourn"]
[EventRounds "5"]
[EventCountry "MEX"]
[Source "–ù""]
[SourceDate "134159.04.23"]

1. e4 d6 2. d4 Nf6 3. Nc3 g6 4. Be3 Bg7 5. Qd2 c6 6. Bd3 Ng4 7. Nf3 Nxe3 8.
Qxe3 Nd7 9. O-O Qc7 10. a4 O-O 11. Rfe1 e5 12. dxe5 dxe5 13. Bc4 Qb6 14. Qxb6
Nxb6 15. Ba2 a5 16. h3 Bf6 17. Rad1 Kg7 18. Nd2 Be7 19. Nc4 Nxc4 20. Bxc4 Rd8
21. Rxd8 Bxd8 22. Rd1 Bc7 23. Rd3 f6 24. g4 Kf8 25. Ne2 Ke7 26. Rb3 Rb8 27. Nc1
Bd7 28. Nd3 Bd6 29. Ne1 b5 30. axb5 cxb5 31. Bd5 b4 32. Rd3 a4 33. Rd1 Rc8 34.
Ra1 Rc7 35. Kg2 Rc8 36. Ra2 Bb5 37. Ra1 Rc7 38. Ra2 Rc8 39. Ra1 Bc5 40. c4 bxc3
41. bxc3 Bd6 42. c4 Bd7 43. Nd3 Bc5 44. Ra2 Bd4 45. Kf3 Kd6 46. Ke2 Rb8 47. Kf3
Bc5 48. Ke2 Rb1 49. Nb2 a3 50. Nd3 Rb3 51. f3 Rb1 52. Kd2 Rh1 53. Kc3 Bd4+ 54.
Kb4 Rxh3 55. Rxa3 Rxf3 56. c5+ Kc7 57. Ra7+ Kd8 58. Kc4 h5 59. gxh5 gxh5 60.
Ra8+ Ke7 61. c6 Bh3 62. c7 Rg3 63. c8=Q Bxc8 64. Rxc8 h4 65. Rc7+ Ke8 66. Rh7
h3 67. Be6 Re3 68. Rxh3 Rxh3 69. Bxh3 Ke7 70. Nf4 Bf2 71. Nd5+ Kf7 72. Bf5 Be1
73. Kc5 Bd2 74. Kd6 Bc1 75. Bg4 Ba3+ 76. Kd7 Bc1 77. Bh5+ Kg7 78. Ke6 Bg5 79.
Ne7 Kh6 80. Bg4 Kg7 81. Bh5 Kh6 82. Be8 Kg7 83. Nf5+ Kg8 84. Ke7 Kh7 85. Kf7
Kh8 86. Ne7 Kh7 87. Nd5 Kh6 88. Nxf6 Bc1 89. Ng4+ Kg5 90. Bd7 Kf4 91. Bf5 {
Planillas ilegibles} 1-0

[Event "II Torneo Iberoamericano MoreliaLinares"]
[Site "Morelia"]
[Date "2008.02.16"]
[Round "2"]
[White "De La Riva Aguado, Oscar"]
[Black "Valdes, Leonardo"]
[Result "1/2-1/2"]
[WhiteElo "2548"]
[BlackElo "2401"]
[PlyCount "49"]
[EventDate "2008.02.19"]
[EventType "tourn"]
[EventRounds "5"]
[EventCountry "MEX"]
[Source "–ù""]
[SourceDate "134159.04.23"]

1. e4 d6 2. d4 Nf6 3. Nc3 g6 4. Bg5 c6 5. f4 b5 6. Bd3 Bg7 7. Qd2 O-O 8. Nf3
Bg4 9. O-O Qb6 10. Ne2 c5 11. e5 d5 12. c3 Ne4 13. Qe3 cxd4 14. Nexd4 Nxg5 15.
Nxg5 Nc6 16. h3 Bd7 17. Rae1 Rab8 18. a3 a5 19. Kh1 e6 20. Bxb5 Nxd4 21. Bxd7
Nf5 22. Qxb6 Rxb6 23. Rf2 h6 24. g4 Nh4 25. Nf3 1/2-1/2

[Event "II Torneo Iberoamericano MoreliaLinares"]
[Site "Morelia"]
[Date "2008.02.16"]
[Round "2"]
[White "Roselli Miale, Bernardo"]
[Black "Bermudez Adams, William"]
[Result "0-1"]
[WhiteElo "2420"]
[BlackElo "2183"]
[PlyCount "48"]
[EventDate "2008.02.19"]
[EventType "tourn"]
[EventRounds "5"]
[EventCountry "MEX"]
[Source "–ù""]
[SourceDate "134159.04.23"]

1. d4 d5 2. c4 e6 3. Nc3 c5 4. cxd5 cxd4 5. Qa4+ Bd7 6. Qxd4 exd5 7. Qxd5 Nc6
8. Nf3 Nf6 9. Qd1 Bc5 10. e3 Qe7 11. Be2 O-O 12. a3 Rfd8 13. Qc2 Rac8 14. O-O
Bb6 15. b4 Bc7 16. Bb2 Ne5 17. Rfd1 Nfg4 18. h3 Nxe3 19. fxe3 Nxf3+ 20. Bxf3
Qxe3+ 21. Qf2 Bh2+ 22. Kf1 Rxc3 23. Bxc3 Bb5+ 24. Be2 Bxe2+ 0-1

[Event "II Torneo Iberoamericano MoreliaLinares"]
[Site "Morelia"]
[Date "2008.02.16"]
[Round "?"]
[White "Vescovi, Giovanni"]
[Black "Gonzalez, Juan.C"]
[Result "1-0"]
[WhiteElo "2617"]
[BlackElo "2556"]
[PlyCount "71"]
[EventDate "2008.02.19"]
[EventType "tourn"]
[EventRounds "5"]
[EventCountry "MEX"]
[Source "–ù""]
[SourceDate "134159.04.23"]

1. e4 c5 2. Nf3 d6 3. d4 cxd4 4. Nxd4 Nf6 5. Nc3 Nc6 6. Bg5 e6 7. Qd2 a6 8.
O-O-O Bd7 9. f4 h6 10. Bh4 g5 11. fxg5 Ng4 12. Nf3 Be7 13. e5 Ngxe5 14. Ne4
hxg5 15. Bxg5 Nxf3 16. gxf3 Bxg5 17. Nxg5 Qe7 18. f4 d5 19. c4 O-O-O 20. Kb1 f6
21. Nf3 dxc4 22. Bxc4 e5 23. Qc1 Rh3 24. Rhf1 Bf5+ 25. Ka1 Rxd1 26. Qxd1 Nb4
27. a3 Nc2+ 28. Ka2 Qc5 29. Bb3 Ne3 30. Qc1 b6 31. fxe5 Nxf1 32. Qxf1 Bg4 33.
Qg2 f5 34. Ng5 Rxb3 35. Qa8+ Kd7 36. Qb7+ 1-0

[Event "II Torneo Iberoamericano MoreliaLinares"]
[Site "Morelia"]
[Date "2008.02.17"]
[Round "3"]
[White "Gonzalez Zamora, Juan.C"]
[Black "De la Riva Aguado, Oscar"]
[Result "1-0"]
[WhiteElo "2556"]
[BlackElo "2548"]
[PlyCount "75"]
[EventDate "2008.02.19"]
[EventType "tourn"]
[EventRounds "5"]
[EventCountry "MEX"]
[Source "–ù""]
[SourceDate "134159.04.23"]

1. Nf3 d5 2. c4 d4 3. g3 g6 4. d3 Bg7 5. Bg2 e5 6. O-O Ne7 7. b4 a5 8. b5 c5 9.
bxc6 Nexc6 10. Na3 O-O 11. Nb5 Na6 12. Ng5 Qe7 13. Ne4 Rd8 14. Rb1 h6 15. Ba3
Nab4 16. Qa4 Ra6 17. Bb2 f5 18. Ned6 Ra8 19. Nxc8 Raxc8 20. Ba3 e4 21. Na7 Ra8
22. Nxc6 Qe8 23. dxe4 fxe4 24. Bxe4 bxc6 25. Bf3 Nxa2 26. Bxc6 Qe5 27. Bxa8
Rxa8 28. Qc6 Rd8 29. Rb5 Qxe2 30. Rb2 Nb4 31. Qxg6 Qxc4 32. Bxb4 axb4 33. Rfb1
d3 34. Rxb4 Qd5 35. Rb7 Qd4 36. Rd1 Rf8 37. Rxg7+ Qxg7 38. Qxg7+ 1-0

[Event "II Torneo Iberoamericano MoreliaLinares"]
[Site "Morelia"]
[Date "2008.02.17"]
[Round "3"]
[White "Bermudez Adams, William"]
[Black "Vescovi, Giovanni"]
[Result "0-1"]
[WhiteElo "2183"]
[BlackElo "2617"]
[PlyCount "94"]
[EventDate "2008.02.19"]
[EventType "tourn"]
[EventRounds "5"]
[EventCountry "MEX"]
[Source "–ù""]
[SourceDate "134159.04.23"]

1. e4 e6 2. d4 d5 3. e5 c5 4. c3 Qb6 5. Nf3 Bd7 6. c4 Nc6 7. cxd5 exd5 8. Nc3
cxd4 9. Nb5 a6 10. Nd6+ Bxd6 11. exd6 Qb4+ 12. Qd2 Qxd6 13. Nxd4 Nf6 14. Qe3+
Ne4 15. Nxc6 Bxc6 16. Bd3 d4 17. Qf4 Qb4+ 18. Kf1 O-O 19. h4 Rfe8 20. Kg1 Qe1+
21. Kh2 Qxf2 22. Rf1 Qxf4+ 23. Bxf4 Bb5 24. Rad1 Bxd3 25. Rxd3 Rad8 26. Bc7 Rd7
27. Bb6 Rd6 28. Bc7 Rd7 29. Bb6 Rd6 30. Bc7 Nc5 31. Rd2 Rc6 32. Bf4 Re4 33. g3
Ne6 34. Bb8 g6 35. h5 f5 36. Ba7 Kf7 37. Rf3 Kf6 38. a4 Rc7 39. a5 Rd7 40. Rfd3
gxh5 41. Rc2 h4 42. Rcd2 hxg3+ 43. Rxg3 Rh4+ 44. Kg2 Rg4 45. Rxg4 fxg4 46. Kg3
h5 47. Kh4 Kg6 0-1

[Event "II Torneo Iberoamericano MoreliaLinares"]
[Site "Morelia"]
[Date "2008.02.17"]
[Round "3"]
[White "Valdes, Leonardo"]
[Black "Roselli Miale, Bernardo"]
[Result "1-0"]
[WhiteElo "2401"]
[BlackElo "2420"]
[PlyCount "65"]
[EventDate "2008.02.19"]
[EventType "tourn"]
[EventRounds "5"]
[EventCountry "MEX"]
[Source "–ù""]
[SourceDate "134159.04.23"]

1. Nf3 Nf6 2. g3 g6 3. Bg2 Bg7 4. O-O O-O 5. c4 d6 6. Nc3 Nc6 7. d3 Bf5 8. Rb1
Qd7 9. b4 e5 10. b5 Ne7 11. Nd2 Rab8 12. Qa4 Nc8 13. Re1 Bh3 14. Bh1 h6 15. Nf3
Nh5 16. Qb3 Ne7 17. Ba3 b6 18. Rbd1 f5 19. c5+ Kh8 20. cxd6 cxd6 21. Nd5 g5 22.
Nxe7 Qxe7 23. d4 e4 24. Ne5 Qf6 25. Nd7 Qg6 26. Nxb8 Rxb8 27. e3 Bf8 28. Rc1
Nf6 29. Rc7 d5 30. Bxf8 Rxf8 31. Qb4 Rg8 32. Qe7 f4 33. Rc6 1-0

[Event "II Torneo Iberoamericano MoreliaLinares"]
[Site "Morelia"]
[Date "2008.02.18"]
[Round "4"]
[White "De La Riva Aguado, Oscar"]
[Black "Roselli Miale, Bernardo"]
[Result "1-0"]
[WhiteElo "2548"]
[BlackElo "2420"]
[PlyCount "57"]
[EventDate "2008.02.19"]
[EventType "tourn"]
[EventRounds "5"]
[EventCountry "MEX"]
[Source "–ù""]
[SourceDate "134159.04.23"]

1. e4 e5 2. Nf3 Nf6 3. Nxe5 d6 4. Nf3 Nxe4 5. Nc3 Nxc3 6. dxc3 Be7 7. Bf4 O-O
8. Qd2 Nd7 9. O-O-O Nc5 10. Be3 Qe8 11. Nd4 Qa4 12. Kb1 Bd7 13. f3 Rfb8 14. h4
b5 15. g4 b4 16. c4 Rb6 17. Nb3 Ra6 18. Nc1 Be6 19. Bd4 Qc6 20. b3 Rd8 21. h5
Rb6 22. h6 g6 23. Bg2 Qe8 24. Rhe1 Rbb8 25. Qe3 Bh4 26. Bb2 Nd7 27. Re2 Qf8 28.
g5 Re8 29. Qf4 1-0

[Event "II Torneo Iberoamericano MoreliaLinares"]
[Site "Morelia"]
[Date "2008.02.18"]
[Round "4"]
[White "Vescovi, Giovanni"]
[Black "Valdes, Leonardo"]
[Result "1/2-1/2"]
[WhiteElo "2617"]
[BlackElo "2401"]
[PlyCount "85"]
[EventDate "2008.02.19"]
[EventType "tourn"]
[EventRounds "5"]
[EventCountry "MEX"]
[Source "–ù""]
[SourceDate "134159.04.23"]

1. d4 Nf6 2. Nf3 g6 3. c4 Bg7 4. Nc3 O-O 5. Bg5 d6 6. e3 h6 7. Bh4 c5 8. Be2
Bf5 9. O-O Nbd7 10. h3 g5 11. Bg3 Ne4 12. Bd3 Nxc3 13. bxc3 Bxd3 14. Qxd3 f5
15. Nd2 e5 16. f3 Rf7 17. Bf2 Qf6 18. Nb3 b6 19. e4 f4 20. a4 Kh8 21. a5 Rg8
22. axb6 axb6 23. dxc5 dxc5 24. Rfd1 Bf8 25. Ra7 Rgg7 26. Na1 h5 27. Nc2 Qg6
28. Kf1 Nf6 29. Rxf7 Qxf7 30. Qd8 Qxc4+ 31. Kg1 Rf7 32. Rd6 Kg7 33. Rxb6 Qxc3
34. Ne1 g4 35. hxg4 hxg4 36. fxg4 Nxe4 37. Qh4 Nxf2 38. Qh6+ Kg8 39. Qg6+ Rg7
40. Qe6+ Kh8 41. Qh6+ Kg8 42. Qe6+ Kh8 43. Qh6+ 1/2-1/2

[Event "II Torneo Iberoamericano MoreliaLinares"]
[Site "Morelia"]
[Date "2008.02.18"]
[Round "4"]
[White "Gonzalez Zamora, Juan.C"]
[Black "Bermudez Adams, Willian"]
[Result "1-0"]
[WhiteElo "2556"]
[BlackElo "2183"]
[PlyCount "87"]
[EventDate "2008.02.19"]
[EventType "tourn"]
[EventRounds "5"]
[EventCountry "MEX"]
[Source "–ù""]
[SourceDate "134159.04.23"]

1. Nf3 d5 2. d4 e6 3. c4 c5 4. cxd5 exd5 5. g3 Nc6 6. Bg2 Nf6 7. O-O Be7 8. Nc3
O-O 9. Bf4 Be6 10. dxc5 Bxc5 11. Rc1 Be7 12. Ng5 h6 13. Nxe6 fxe6 14. e4 dxe4
15. Nxe4 e5 16. Nxf6+ Bxf6 17. Be3 Nd4 18. Qg4 Bg5 19. h4 Bf6 20. Bxh6 Ne2+ 21.
Qxe2 gxh6 22. Bxb7 Rb8 23. Be4 Qe7 24. b3 Qg7 25. Rc6 Rb6 26. Rxb6 axb6 27. Qh5
Be7 28. Kg2 Bc5 29. g4 Rd8 30. g5 hxg5 31. hxg5 Rd2 32. Qe8+ Qf8 33. Bh7+ Kh8
34. Qxe5+ Qg7 35. Qxg7+ Kxg7 36. Bb1 Be3 37. g6 Rb2 38. Kf3 Bc5 39. Kg4 Bxf2
40. Rd1 Bc5 41. Rd7+ Kf6 42. Rf7+ Ke5 43. Bd3 Rxa2 44. g7 1-0

[Event "II Torneo Iberoamericano MoreliaLinares"]
[Site "Morelia"]
[Date "2008.02.19"]
[Round "5"]
[White "Bermudez Adams, William"]
[Black "De La Riva Aguado, Oscar"]
[Result "0-1"]
[WhiteElo "2183"]
[BlackElo "2548"]
[PlyCount "64"]
[EventDate "2008.02.19"]
[EventType "tourn"]
[EventRounds "5"]
[EventCountry "MEX"]
[Source "–ù""]
[SourceDate "134159.04.23"]

1. e4 c5 2. f4 d5 3. Nc3 dxe4 4. Nxe4 e6 5. Nf3 Nf6 6. Nxf6+ Qxf6 7. g3 Nc6 8.
Bg2 g6 9. O-O Bg7 10. d3 O-O 11. c3 Qe7 12. Re1 Rb8 13. Be3 b6 14. Qe2 Ba6 15.
Rad1 Rfd8 16. Qc2 Rbc8 17. Bf2 Qc7 18. Rd2 Rd7 19. Red1 Rcd8 20. d4 cxd4 21.
cxd4 Ne7 22. Qa4 Bb7 23. Rc2 Qb8 24. Qb4 Qa8 25. Qa3 Nf5 26. Rcd2 Nd6 27. Rc2
Nb5 28. Qd3 Be4 29. Qxb5 Bxc2 30. Ng5 Qc8 31. Rc1 Bxd4 32. Ne4 Bd3 {
Cae la bandera de las blancas} 0-1

[Event "II Torneo Iberoamericano MoreliaLinares"]
[Site "Morelia"]
[Date "2008.02.19"]
[Round "5"]
[White "Valdes, Leonardo"]
[Black "Gonzalez Zamora, Juan.C"]
[Result "0-1"]
[WhiteElo "2401"]
[BlackElo "2556"]
[PlyCount "98"]
[EventDate "2008.02.19"]
[EventType "tourn"]
[EventRounds "5"]
[EventCountry "MEX"]
[Source "–ù""]
[SourceDate "134159.04.23"]

1. Nf3 Nf6 2. c4 e6 3. g3 d5 4. Bg2 dxc4 5. Qc2 Qd5 6. Na3 Bxa3 7. bxa3 Nc6 8.
Bb2 e5 9. Rc1 Be6 10. Nh4 Qd7 11. O-O O-O-O 12. Rfd1 Nd4 13. Bxd4 exd4 14. Nf3
Rhe8 15. e3 d3 16. Qb2 Bd5 17. Ne5 Qe6 18. f4 Bxg2 19. Kxg2 Qd5+ 20. Kg1 b5 21.
a4 Rxe5 22. Qxe5 Qxe5 23. fxe5 Ng4 24. axb5 Nxe5 25. Kg2 Kb7 26. Rc3 Kb6 27.
Rb1 Kc5 28. Ra3 Kb6 29. Ra6+ Kb7 30. Ra3 Rd5 31. h3 f6 32. Kf2 Nf7 33. Ra4 Nd6
34. Kg2 Ne4 35. Rd1 Nxd2 36. e4 Rd6 37. Rxd2 c3 38. Rb4 cxd2 39. Rb1 Rd4 40.
Kf3 Ra4 41. Ke3 Rxa2 42. g4 Kb6 43. h4 Rb2 44. Rf1 Kxb5 45. Kxd3 Kb4 46. g5 c5
47. gxf6 gxf6 48. Ke2 d1=Q+ 49. Kxd1 Rb1+ 0-1

[Event "II Torneo Iberoamericano MoreliaLinares"]
[Site "Morelia"]
[Date "2008.02.19"]
[Round "5"]
[White "Roselli Miale, Bernardo"]
[Black "Vescovi, Giovanni"]
[Result "0-1"]
[WhiteElo "2420"]
[BlackElo "2617"]
[PlyCount "150"]
[EventDate "2008.02.19"]
[EventType "tourn"]
[EventRounds "5"]
[EventCountry "MEX"]
[Source "–ù""]
[SourceDate "134159.04.23"]

1. d4 Nf6 2. c4 e6 3. Nf3 b6 4. a3 Ba6 5. Qc2 c5 6. d5 exd5 7. cxd5 g6 8. Bf4
d6 9. Nc3 Bg7 10. Qa4+ b5 11. Nxb5 O-O 12. Nc3 Re8 13. Rd1 Qb6 14. Bc1 Nbd7 15.
e3 c4 16. b4 Ng4 17. Ne2 Ndf6 18. h3 Ne5 19. Nxe5 Rxe5 20. Nc3 Rc8 21. Be2 Bb7
22. Bf3 h5 23. O-O g5 24. g3 g4 25. hxg4 hxg4 26. Bg2 Bh6 27. Rd4 a6 28. Qd1
Rc7 29. Ne4 Nxe4 30. Rxe4 f5 31. Rxe5 dxe5 32. e4 f4 33. gxf4 exf4 34. Bxf4
Bxf4 35. Qxg4+ Rg7 36. Qxf4 Bc8 37. Qf3 Qh6 38. Qe3 Qxe3 39. fxe3 Bh3 40. Rc1
Bxg2 41. Rxc4 Bxe4+ 42. Kf2 Bxd5 43. Rd4 Rg2+ 44. Kf1 Rg5 45. Ke2 Kf7 46. Kd3
Ke6 47. Rh4 Ke5 48. Rh8 Bc6 49. Rh6 Bb5+ 50. Kc3 Rg3 51. a4 Rxe3+ 52. Kd2 Re2+
53. Kd1 Bd3 54. b5 a5 55. b6 Rb2 56. Kc1 Rb3 57. Kd2 Be4 58. Rh5+ Bf5 59. Rh6
Kd4 60. Rd6+ Kc5 61. Rh6 Bd7 62. b7 Rxb7 63. Kc3 Bxa4 64. Rh5+ Kb6 65. Kb2 Rg7
66. Ka3 Bc6 67. Rh3 Bd5 68. Rh6+ Kc5 69. Rh2 Rg3+ 70. Kb2 a4 71. Rc2+ Kb4 72.
Rc1 Rg2+ 73. Ka1 Re2 74. Rd1 Ka3 75. Kb1 Be4+ 0-1

[Event "II Torneo Iberoamericano MoreliaLinares"]
[Site "Morelia"]
[Date "2008.02.15"]
[Round "1"]
[White "Bruzon Batista, Lazaro"]
[Black "Galego, Luis"]
[Result "1-0"]
[WhiteElo "2607"]
[BlackElo "2529"]
[PlyCount "69"]
[EventDate "2008.02.19"]
[EventType "tourn"]
[EventRounds "5"]
[EventCountry "MEX"]
[Source "–ù""]
[SourceDate "134159.04.23"]

1. Nf3 d5 2. g3 c6 3. Bg2 g6 4. O-O Bg7 5. c4 Nf6 6. Qb3 O-O 7. d4 a5 8. Nc3 a4
9. Qb4 a3 10. bxa3 Ne4 11. cxd5 c5 12. Qb3 Nxc3 13. Qxc3 Qxd5 14. Bb2 Nc6 15.
e3 cxd4 16. Nxd4 Nxd4 17. exd4 Qa5 18. Qb4 Bf6 19. Rfc1 Rd8 20. Rc5 Qa4 21. Rc4
Qa5 22. Rac1 Be6 23. Qxa5 Rxa5 24. Rb4 b6 25. Rc6 Bxa2 26. Rcxb6 Kg7 27. Rc6
Ra7 28. a4 Be6 29. Rc5 Rad7 30. Bc6 Rd6 31. a5 Bh3 32. a6 Re6 33. Rc1 Rc8 34.
d5 Rcxc6 35. dxc6 1-0

[Event "II Torneo Iberoamericano MoreliaLinares"]
[Site "Morelia"]
[Date "2008.02.15"]
[Round "1"]
[White "Flores, Diego"]
[Black "Escobar Forero, Alder"]
[Result "1-0"]
[WhiteElo "2558"]
[BlackElo "2461"]
[PlyCount "67"]
[EventDate "2008.02.19"]
[EventType "tourn"]
[EventRounds "5"]
[EventCountry "MEX"]
[Source "–ù""]
[SourceDate "134159.04.23"]

1. Nf3 d5 2. c4 e6 3. b3 Nf6 4. Bb2 c5 5. g3 dxc4 6. bxc4 b6 7. Bg2 Bb7 8. O-O
Be7 9. e3 O-O 10. Qe2 Nc6 11. Nc3 a6 12. Ne1 Na5 13. f4 Bxg2 14. Nxg2 Qd7 15.
Rf2 Rfd8 16. Ne1 Rab8 17. a4 Rb7 18. g4 Ne8 19. g5 Nd6 20. d3 Nf5 21. Ne4 Nc6
22. Rf3 e5 23. fxe5 Nh4 24. Rg3 Qe6 25. Qh5 Nf5 26. Rh3 Qg6 27. Qg4 Qe6 28. Ng2
Qc8 29. Qh5 h6 30. gxh6 Nxh6 31. Nf6+ Kf8 32. Nf4 Nb4 33. e6 Nxd3 34. Qxf7+ 1-0

[Event "II Torneo Iberoamericano MoreliaLinares"]
[Site "Morelia"]
[Date "2008.02.15"]
[Round "1"]
[White "Lorenzana, Wilson.E"]
[Black "Davila, C."]
[Result "0-1"]
[WhiteElo "2230"]
[BlackElo "2376"]
[PlyCount "120"]
[EventDate "2008.02.19"]
[EventType "tourn"]
[EventRounds "5"]
[EventCountry "MEX"]
[Source "–ù""]
[SourceDate "134159.04.23"]

1. e4 e5 2. Nf3 Nc6 3. Bc4 Nf6 4. d3 h6 5. c3 d6 6. h3 g6 7. O-O Bg7 8. Re1 O-O
9. Nbd2 Bd7 10. Bb3 Kh7 11. Nf1 Qc8 12. Ng3 Be6 13. Ba4 Ng8 14. d4 Bd7 15. Bc2
b6 16. Be3 Nce7 17. Nh4 Qd8 18. dxe5 dxe5 19. Nf3 c5 20. a4 Qc7 21. Nd2 c4 22.
Nxc4 Bxh3 23. gxh3 Qxc4 24. a5 bxa5 25. Rxa5 Rab8 26. Rc5 Qe6 27. Qg4 Qxg4 28.
hxg4 Rxb2 29. Bd3 Nc8 30. Rc7 Bf6 31. Ba6 Nce7 32. Rxa7 Kg7 33. Rd1 Bg5 34. Bc5
Rfb8 35. Bd6 Rb1 36. Bxe5+ Bf6 37. Bxf6+ Nxf6 38. Rxb1 Rxb1+ 39. Kg2 Nc6 40.
Rc7 Ne5 41. f3 Rb2+ 42. Be2 Nd3 43. Kf1 Rb1+ 44. Kg2 Nf4+ 45. Kf2 Rb2 46. Kf1
Rb1+ 47. Kf2 Rb2 48. Kf1 Nh7 49. Bc4 Ng5 50. Ne2 Nxe2 51. Bxe2 h5 52. gxh5 gxh5
53. Bc4 h4 54. f4 h3 55. e5 h2 56. Bd5 Ne6 57. Rb7 Rd2 58. Be4 Nxf4 59. e6 Nxe6
60. Rb1 Nc5 0-1

[Event "II Torneo Iberoamericano MoreliaLinares"]
[Site "Morelia"]
[Date "2008.02.16"]
[Round "2"]
[White "Galego, Luis"]
[Black "Davila, Carlos"]
[Result "1-0"]
[WhiteElo "2529"]
[BlackElo "2376"]
[PlyCount "95"]
[EventDate "2008.02.19"]
[EventType "tourn"]
[EventRounds "5"]
[EventCountry "MEX"]
[Source "–ù""]
[SourceDate "134159.04.23"]

1. c4 Nf6 2. Nc3 g6 3. g3 Bg7 4. Bg2 O-O 5. e3 d6 6. Nge2 c6 7. O-O e5 8. d4
Nbd7 9. b3 Re8 10. Ba3 exd4 11. Nxd4 Qa5 12. Bb2 Nb6 13. a3 Bg4 14. f3 Bd7 15.
Re1 Qh5 16. a4 a5 17. Qd2 Bh3 18. Nce2 Bxg2 19. Kxg2 d5 20. Nf4 Qh6 21. c5 Nbd7
22. Rac1 Nh5 23. Nh3 Nhf6 24. Nf4 Nh5 25. Nd3 f5 26. Bc3 Qg5 27. Bxa5 Bh6 28.
Nf4 Re7 29. Nde6 Qf6 30. Bc3 Qf7 31. Nxh5 Rxe6 32. Nf4 Re7 33. Bd4 Nf8 34. h4
Ne6 35. Nxe6 Rxe6 36. Re2 Rae8 37. Rce1 Qe7 38. Kf2 Bg7 39. Bxg7 Kxg7 40. Qd4+
Kg8 41. b4 Ra8 42. a5 h5 43. Ra2 Kh7 44. Rb1 Re8 45. Ra3 f4 46. Qxf4 Rf8 47.
Qd4 Qf7 48. Qd1 1-0

[Event "II Torneo Iberoamericano MoreliaLinares"]
[Site "Morelia"]
[Date "2008.02.16"]
[Round "2"]
[White "Escobar Forero, Alder"]
[Black "Lorenzana, Wilson.E"]
[Result "1-0"]
[WhiteElo "2461"]
[BlackElo "2230"]
[PlyCount "81"]
[EventDate "2008.02.19"]
[EventType "tourn"]
[EventRounds "5"]
[EventCountry "MEX"]
[Source "–ù""]
[SourceDate "134159.04.23"]

1. e4 c5 2. Nf3 e6 3. d4 cxd4 4. Nxd4 a6 5. Bd3 Nf6 6. Qe2 d6 7. Be3 Nbd7 8.
Nd2 b6 9. O-O-O Bb7 10. g4 Nc5 11. f3 Be7 12. Kb1 Qc7 13. g5 Nfd7 14. f4 d5 15.
e5 g6 16. h4 b5 17. h5 O-O-O 18. N2b3 Kb8 19. Nxc5 Nxc5 20. Rh3 Ne4 21. Qh2
Rhf8 22. hxg6 hxg6 23. Rh7 Bc8 24. Nb3 Rd7 25. Qg1 Bb7 26. Rh3 Qd8 27. Bb6 Qe8
28. Qd4 Bc8 29. Na5 Rh8 30. Rxh8 Qxh8 31. a4 Qh5 32. Bxe4 dxe4 33. Qxd7 Bxd7
34. Rxd7 Qh1+ 35. Ka2 e3 36. Rxe7 Kc8 37. Nb7 Qd5+ 38. b3 Qxb7 39. Rxb7 e2 40.
Bf2 Kxb7 41. axb5 1-0

[Event "II Torneo Iberoamericano MoreliaLinares"]
[Site "Morelia"]
[Date "2008.02.16"]
[Round "2"]
[White "Bruzon Batista, Lazaro"]
[Black "Flores, Diego"]
[Result "1/2-1/2"]
[WhiteElo "2607"]
[BlackElo "2558"]
[PlyCount "110"]
[EventDate "2008.02.19"]
[EventType "tourn"]
[EventRounds "5"]
[EventCountry "MEX"]
[Source "–ù""]
[SourceDate "134159.04.23"]

1. d4 g6 2. Nf3 Bg7 3. e4 d6 4. Nc3 Nd7 5. Bc4 e6 6. O-O a6 7. a4 b6 8. Re1 Bb7
9. e5 dxe5 10. d5 exd5 11. Nxd5 Ne7 12. Bg5 Bxd5 13. Bxd5 Rb8 14. Bc6 f6 15.
Bxf6 Bxf6 16. Nxe5 Bxe5 17. Rxe5 Rf8 18. Qd5 Rf7 19. Rae1 Kf8 20. Qxd7 Nxc6 21.
Qxc6 Qd4 22. R5e3 Qxb2 23. Rf3 Rxf3 24. gxf3 Qg7 25. Rd1 Qe7 26. Rd4 Rd8 27.
Rf4+ Kg8 28. h4 a5 29. Qc4+ Kg7 30. Re4 Qf7 31. Qc3+ Kg8 32. Qe3 Rf8 33. Kg2
Qf6 34. Kg3 Qd6+ 35. f4 Qf6 36. f3 Rf7 37. Re6 Qf5 38. c4 Kg7 39. Re5 Qf6 40.
Qe4 Kg8 41. Re6 Qf5 42. Qe5 Qxe5 43. fxe5 Kf8 44. Rc6 Ke8 45. f4 Re7 46. e6 Kf8
47. f5 Kg7 48. c5 gxf5 49. cxb6 cxb6 50. Rxb6 Kf6 51. Ra6 Rxe6 52. Rxa5 Re3+
53. Kf4 Re4+ 54. Kg3 Re3+ 55. Kf4 Re4+ 1/2-1/2